00505nam a2200145Ia 4500100001600000650002700016942000700043654005200050245005900102260003200161082001400193546001200207999001700219952012300236 aTyagi M.S.  aElectrical Engineering cBK aIntrod to semiconductor materials & devices aIntroduction to Semiconductor Materials & Devices bJohn WileyaNew Yorkc1991 a621.38152 aENGLISH c33590d33590 001040708CRCaCRCEbCRCEd2023-03-17eglobal booksg409.60l0o621.38152 p7006r2023-03-17v409.60w2023-03-17yBK